000 00957nam a2200229 a 4500
008 101013s2006 ||||||||||||||||| || u
020 _a0521860490
050 _aHD 9697.A2 Fut
100 _aJamasb, Tooraj
245 1 0 _aFuture electricity technologies and systems
_cedited by Tooraj Jamasb, William J. Nuttall and Michael G. Pollitt
260 _aCambridge
_bCambridge University Press
_c2006
300 _axxvii, 426p.: ill
350 _a0.00
490 _aUniversity of Cambridge. Department of Applied Economics. Occasional papers
490 _v 67
650 _aELECTRIC POWER PRODUCTION--TECHNOLOGICAL INNOVATIONS
650 _aELECTRICITY
650 _aELECTRIC INDUSTRIES--ENVIRONMENTAL ASPECTS
700 _aNuttall, William J
700 _aPollitt, Michael G
995 _D0.00
_FCBU-MAIN LIBRARY (Kitwe)
_H1
_I0.00
_M1
_UAVAILABLE
_WDec 22, 2010
_ZMain Library Open Access Collection
999 _c44248
_d44248